Problém človeka a humanizmu v politickej filozofii

Gespeichert in:
Bibliographische Detailangaben
1. Verfasser: Briška, František
Format: Buch
Sprache:Slowakisch
Veröffentlicht: Bratislava IRIS 2000
Schlagworte:
Tags: Tag hinzufügen
Keine Tags, Fügen Sie das erste Tag hinzu!

MARC

LEADER 00000nam a2200000 4500
001 c124860
005 20221108093332.9
020 |a 80-88778-97-2 
041 0 |a slo 
044 |a SK 
245 1 0 |a Problém človeka a humanizmu v politickej filozofii  |c František Briška 
264 1 |a Bratislava  |b IRIS  |c 2000 
300 |a 145 s. 
610 2 0 |a filozofia 
610 2 0 |a politika 
610 2 0 |a humanizmus 
610 2 0 |a antropológia 
610 2 0 |a politika sociálna 
610 2 0 |a štát 
610 2 0 |a komunikácia 
100 1 |a Briška, František